书目信息 |
| 题名: |
初中语文辅导
|
|
| 作者: | ;少年儿童出版社 编 | |
| 分册: | ||
| 出版信息: | 上海 少年儿童出版社 1980 |
|
| 页数: | 163页 | |
| 开本: | 19cm | |
| 丛书名: | ||
| 单 册: | ||
| 中图分类: | H09 , G633.3 | |
| 科图分类: | ||
| 主题词: | 教育--各级 | |
| 电子资源: | ||
| ISBN: | ||
| 000 | 00765nam0 2200253 45 | |
| 001 | 0180001471 | |
| 005 | 20060810112231.26 | |
| 010 | @dCNY0.34 | |
| 091 | @a70024.27 | |
| 100 | @a19950707d1980 demy0chiy0121 ea | |
| 101 | 0 | @achi |
| 102 | @aCN@b310000 | |
| 105 | @ay z 000yy | |
| 200 | 10 | @a初中语文辅导@Achu zhong yu wen fu dao@e三年级上学期用@f少年儿童出版社编@Fshao nian er tong chu ban she bian |
| 210 | @a上海@c少年儿童出版社@d1980 | |
| 215 | @a163页@d19cm | |
| 517 | 1 | @a三年级上学期用@Asan nian ji shang xue qi yong |
| 606 | 0 | @a教育@x各级 |
| 690 | @aH09@v4 | |
| 690 | @aG633.3@v3 | |
| 711 | 02 | @a少年儿童出版社@Ashao nian er tong chu ban she@4编 |
| 801 | 0 | @aCN@b上海图书馆@c20060810 |
| 801 | 2 | @aCN@bNLC@c20060810 |
| 905 | @dG633.3@e391:3(1) | |
| 初中语文辅导:三年级上学期用/少年儿童出版社编.-上海:少年儿童出版社,1980 |
| 163页;19cm |
| ISBN :CNY0.34 |
| ● |
| 相关链接 |
|
|
|
|
正题名:初中语文辅导
索取号:G633.3/391:3(1)
 
预约/预借
| 序号 | 登录号 | 条形码 | 馆藏地/架位号 | 状态 | 备注 |
| 1 | 0032725 | 000821962 | 第一样本阅览室/ [索取号:G633.3/391:3(1)] | 在馆 | |
| 2 | 0032726 | 000821944 | 密集书库/ [索取号:G633.3/391:3(1)] | 在馆 | |
| 3 | 0032727 | 000392578 | 密集书库/ [索取号:G633.3/391:3(1)] | 在馆 | |
| 4 | 0032728 | 000392523 | 密集书库/ [索取号:G633.3/391:3(1)] | 在馆 | |
| 5 | 0032729 | 000392532 | 密集书库/ [索取号:G633.3/391:3(1)] | 在馆 | |
| 6 | 0032730 | 000392596 | 密集书库/ [索取号:G633.3/391:3(1)] | 在馆 | |
| 7 | 0032731 | 000392603 | 密集书库/ [索取号:G633.3/391:3(1)] | 在馆 | |
| 8 | 0032732 | 202305816 | 密集书库/ [索取号:G633.3/391:3(1)] | 在馆 | |
| 9 | 0032733 | 202193429 | 密集书库/ [索取号:G633.3/391:3(1)] | 在馆 | |
| 10 | 0032734 | 202193465 | 密集书库/ [索取号:G633.3/391:3(1)] | 在馆 | |
| 11 | 0032735 | 202193875 | 密集书库/ [索取号:G633.3/391:3(1)] | 在馆 | |
| 12 | 0032737 | 000821980 | 密集书库/ [索取号:G633.3/391:3(1)] | 在馆 | |
| 13 | 0032738 | 000392550 | 密集书库/ [索取号:G633.3/391:3(1)] | 在馆 | |
| 14 | 0032739 | 000821953 | 密集书库/ [索取号:G633.3/391:3(1)] | 在馆 | |
| 15 | 0032740 | 000392541 | 密集书库/ [索取号:G633.3/391:3(1)] | 在馆 | |
| 16 | 0032741 | 000821971 | 密集书库/ [索取号:G633.3/391:3(1)] | 在馆 | |
| 17 | 0032742 | 202193385 | 密集书库/ [索取号:G633.3/391:3(1)] | 在馆 | |
| 18 | 0032743 | 000392569 | 密集书库/ [索取号:G633.3/391:3(1)] | 在馆 | |
| 19 | 0032744 | 000392587 | 密集书库/ [索取号:G633.3/391:3(1)] | 在馆 | |
| 20 | 0426436 | 204264367 | 密集书库/ [索取号:G633.3/391:3(1)] | 在馆 | |
| 21 | 0439763 | 204397633 | 密集书库/ [索取号:G633.3/391:3(1)] | 在馆 | |
| 22 | 0453924 | 204539240 | 密集书库/ [索取号:G633.3/391:3(1)] | 在馆 |